Les Noves tecnologies : fonts d'informació per a les polítiques culturals : documentació : seminari 197 fonts d'informació per a les polítiques culturals :
Publicado:
Barcelona :
CERC, Centre d'Estudis i Recursos Culturals. Formació i Reciclatge : Diputació de Barcelona. Àrea de Cultura ,
1995
Descripción Física:
181 p. : taules ; 29 cm
MARC
| LEADER | 00000nam a2200000Ia 4500 | ||
|---|---|---|---|
| 001 | 22777 | ||
| 008 | 160829s1995 xx 000 0 cat d | ||
| 080 | |a A-3-7 | ||
| 245 | |a Les Noves tecnologies : |b fonts d'informació per a les polítiques culturals : |b documentació : |b seminari 197 | ||
| 260 | |a Barcelona : |b CERC, Centre d'Estudis i Recursos Culturals. Formació i Reciclatge : |b Diputació de Barcelona. Àrea de Cultura, |c 1995 | ||
| 300 | |a 181 p. : |b taules ; |c 29 cm | ||
| 590 | |a Celebrat els dies 30 i 31 de maig de 1995. | ||
| 590 | |a Inclou un recull de premsa | ||
| 650 | |a Tecnologia de la informació |x Congressos |9 48880 | ||
| 650 | 0 | |a Informació |x Sistemes d'emmagatzematge i recuperació |v Congressos |9 8040 | |
| 710 | 1 | |a Barcelona (Catalunya : Província). |b Centre d'Estudis i Recursos Culturals |9 52487 | |
| 710 | 1 | |a Barcelona (Catalunya : Província). |b Àrea de Cultura |9 53536 | |
| 901 | |a Arxiu | ||
| 942 | |n 1 | ||
| 952 | |0 0 |1 0 |4 0 |6 A37 |7 1 |9 54926 |a Arxiu |b Arxiu |d 2016-12-01 |l 0 |o A-3-7 |p 22777 |r 2016-12-01 00:00:00 |w 2016-12-01 |y ARXIU | ||
| 999 | |c 58796 |d 58796 | ||